00660nam a2200241 a 4500001001300000003000900013005001700022008004100039020001000080082001600090100001500106245002400121260004800145300000800193500003500201505001400236650002700250700001500277902000800292942000700300952009600307999001500403nice12345678IN_TiNIC20260116011425.0050524s1934 laha grp 000 0 urd  ac10000a232.9bWAR1 aWaris, F D aEk Khushi Ki Khabar aLahorebPunjab Religious Booksociety c1934 a28p aincludes index and biblioraphy2 areference aJesus Christ-Biography1 aWaris, F D bSRS cBK 00104070aHMIbHMId2007-06-19g100.00l0o232.9 WAR1p4824r2007-06-19w2026-01-16yARB c1407d1407